LEADER 01019nam0 2200301 450 001 000028415 005 20130404163848.0 010 $a978-88-568-3500-7 100 $a20111004d2010----km-y0itay50------ba 101 0 $aita 102 $aIT 105 $ay-------001yy 200 1 $aSedicecimo rapporto sulle migrazioni 2010$fFondazione Ismu iniziative e studi sulla multietnicità 210 $aMilano$cFranco Angeli$dc2010 215 $a438 p.$d23 cm 225 2 $aCollana Ismu$v41 410 0$12001$aCollana Ismu 461 0$1001000020686$12001$aRapporto sulle migrazioni 500 10$aSedicecimo rapporto sulle migrazioni 2010$942065 610 1 $aImmigrati$aItalia$a2010 610 1 $aItalia$aImmigrazione$a2010 676 $a304.8$v22$9Movimento della popolazione 710 02$aFondazione Ismu$0285371 801 0$aIT$bUNIPARTHENOPE$c20111004$gRICA$2UNIMARC 912 $a000028415 951 $a304-S/2$b43050$cNAVA1$d2011 996 $aSedicecimo rapporto sulle migrazioni 2010$942065 997 $aUNIPARTHENOPE LEADER 02121oas 22006973 450 001 9910370353603321 005 20250611213023.0 011 $a2577-445X 035 $a(OCoLC)1029877002 035 $a(CONSER) 2018200430 035 $a(CKB)4100000008045093 035 $a(EXLCZ)994100000008045093 100 $a20180330a20189999 uy a 101 0 $aeng 135 $aur||||||||||| 181 $ctxt$2rdacontent 182 $cc$2rdamedia 183 $acr$2rdacarrier 200 00$aInternational journal of geoheritage and parks 210 1$aSt. Louis, MO :$cDarswin Publishing House,$d2018- 210 31$a[Amsterdam] :$cElsevier B.V. 300 $aRefereed/Peer-reviewed 311 08$a2577-4441 606 $aGeology$vPeriodicals 606 $aConservation of natural resources$vPeriodicals 606 $aLandscape protection$vPeriodicals 606 $aGeoparks$vPeriodicals 606 $aGe?ologie$vPe?riodiques 606 $aConservation des ressources naturelles$vPe?riodiques 606 $aPaysages$xProtection$vPe?riodiques 606 $aGe?oparcs$vPe?riodiques 606 $aConservation of natural resources$2fast$3(OCoLC)fst00875502 606 $aGeology$2fast$3(OCoLC)fst00940627 606 $aGeoparks$2fast$3(OCoLC)fst01736534 606 $aLandscape protection$2fast$3(OCoLC)fst00992049 608 $aPeriodicals.$2fast 615 0$aGeology 615 0$aConservation of natural resources 615 0$aLandscape protection 615 0$aGeoparks 615 6$aGe?ologie 615 6$aConservation des ressources naturelles 615 6$aPaysages$xProtection 615 6$aGe?oparcs 615 7$aConservation of natural resources. 615 7$aGeology. 615 7$aGeoparks. 615 7$aLandscape protection. 676 $a910.02 801 0$bDLC 801 1$bDLC 801 2$bDLC 801 2$bAUD 801 2$bOCLCO 801 2$bOCLCF 801 2$bDLC 801 2$bOCLCL 906 $aJOURNAL 912 $a9910370353603321 996 $aInternational journal of geoheritage and parks$91891281 997 $aUNINA